| 000 | 01085nas a2200289 4500 | ||
|---|---|---|---|
| 001 | BR8100742 | ||
| 003 | BR-BrBNA | ||
| 005 | 20231205084524.0 | ||
| 007 | ta | ||
| 008 | 230509b bl.|||p| |||| 00| 00por d | ||
| 040 |
_aBR-BrBNA _bpor _cBiblioteca Nacional de Agricultura |
||
| 041 | _a(Pt) | ||
| 072 | _aF60; K10 | ||
| 100 | 1 | _aFerreira, S.A. do N. | |
| 100 | 1 | _aClement, C.R. | |
| 100 | 1 | _aRanzani, G. | |
| 245 | 1 | _aContribuicao para o conhecimento do sistema radicular da pupunheira (Bactris gasipaes H.B.K. Guilielma gasipaes (H.B.K.)Bailey), 1: solo latossolo amarelo, textura media [Pupunha] | |
| 246 | 1 | _a[Contribution to the knowledge of the root system of Bactris gasipaes H.B.K. Guilielma Gasipaes (H.B.K.)Bailey, 1: yellow latosol, mean texture] | |
| 650 | _aFisiologia vegetal | ||
| 650 | _aProducao florestal | ||
| 650 | _aPupunha | ||
| 650 | _aRaiz | ||
| 650 | _aSistema de producao | ||
| 773 | 0 |
_tActa Amazonica (Brazil) _xISSN 0044-5967 _g(Jun 1980), v. 10(2) p. 245-249 _wBR8100742 |
|
| 909 |
_a202311 _bLúcia _c55 _dLúcia Elande |
||
| 942 |
_2AGRIS _n0 _cANA |
||
| 999 |
_c105729 _d105729 |
||